[Event "Irena Warakomska Memorial A"]
[Site "chess24.com"]
[Date "2018.08.01"]
[Round "1"]
[White "Ovsejevitsch, Sergei"]
[Black "Sliwicka, Alicja"]
[Result "*"]
[Board "26"]
[WhiteElo "2604"]
[WhiteTitle "GM"]
[WhiteCountry "UKR"]
[WhiteFideId "14101866"]
[BlackElo "2277"]
[BlackTitle "WFM"]
[BlackCountry "POL"]
[BlackFideId "1150677"]

1. d4 {[%clk 1:30:30]} e6 {[%clk 1:30:30]} 2. e4 {[%clk 1:30:30]} d5 {[%clk
1:30:30]} 3. exd5 {[%clk 1:30:30]} exd5 {[%clk 1:30:30]} 4. Nf3 {[%clk 1:30:30]}
Bd6 {[%clk 1:30:30]} 5. c4 {[%clk 1:30:30]} dxc4 {[%clk 1:30:30]} 6. Bxc4 {[%clk
1:30:30]} Nf6 {[%clk 1:30:30]} 7. O-O {[%clk 1:30:30]} O-O {[%clk 1:30:30]} 8.
Nc3 {[%clk 1:30:30]} Nc6 {[%clk 1:30:30]} 9. h3 {[%clk 1:30:30]} h6 {[%clk
1:30:30]} 10. Re1 {[%clk 1:30:30]} a6 {[%clk 1:30:30]} 11. Ne5 {[%clk 1:30:30]}
Bxe5 {[%clk 1:30:30]} 12. dxe5 {[%clk 1:30:30]} Qxd1 {[%clk 1:30:30]} 13. Nxd1
{[%clk 1:30:30]} Nd7 {[%clk 1:30:30]} 14. f4 {[%clk 1:30:30]} Nb6 {[%clk
1:30:30]} 15. Bd3 {[%clk 1:30:30]} f5 {[%clk 1:30:30]} 16. exf6 {[%clk 1:30:30]}
Rxf6 {[%clk 1:30:30]} 17. Nf2 {[%clk 1:30:30]} Nb4 {[%clk 1:30:30]} 18. Be4
{[%clk 1:30:30]} N4d5 {[%clk 1:30:30]} 19. g3 {[%clk 1:30:30]} Bf5 {[%clk
1:30:30]} 20. Bd2 {[%clk 1:30:30]} Bxe4 {[%clk 1:30:30]} 21. Rxe4 {[%clk
1:30:30]} Rc6 {[%clk 1:30:30]} 22. Rc1 {[%clk 1:30:30]} Rxc1+ {[%clk 1:30:30]}
23. Bxc1 {[%clk 1:30:30]} a5 {[%clk 1:30:30]} 24. Kf1 {[%clk 1:30:30]} c6 {[%clk
1:30:30]} 25. Nd3 {[%clk 1:30:30]} Nd7 {[%clk 1:30:30]} 26. Bd2 {[%clk 1:30:30]}
b6 {[%clk 1:30:30]} 27. Re6 {[%clk 1:30:30]} c5 {[%clk 1:30:30]} 28. Rd6 {[%clk
1:30:30]} N7f6 {[%clk 1:30:30]} 29. Ne5 {[%clk 1:30:30]} a4 {[%clk 1:30:30]} 30.
Ke2 {[%clk 1:30:30]} b5 {[%clk 1:30:30]} 31. Kf3 {[%clk 1:30:30]} Ne7 {[%clk
1:30:30]} 32. g4 {[%clk 1:30:30]} a3 {[%clk 1:30:30]} 33. b3 {[%clk 1:30:30]}
Nfd5 {[%clk 1:30:30]} 34. Ke4 {[%clk 1:30:30]} Rc8 {[%clk 1:30:30]} 35. Ra6
{[%clk 1:30:30]} c4 {[%clk 1:30:30]} 36. bxc4 {[%clk 1:30:30]} bxc4 {[%clk
1:30:30]} 37. Rxa3 {[%clk 1:30:30]} c3 {[%clk 1:30:30]} 38. Bc1 {[%clk 1:30:30]}
c2 {[%clk 1:30:30]} 39. Ra7 {[%clk 1:30:30]} Nc3+ {[%clk 1:30:30]} 40. Kd3 {[%clk
1:30:30]} Ned5 {[%clk 1:30:30]} 41. Kd2 {[%clk 1:30:30]} Nxf4 {[%clk 1:30:30]}
42. Nd3 {[%clk 1:30:30]} g5 {[%clk 1:30:30]} 43. Nxf4 {[%clk 1:30:30]} gxf4
{[%clk 1:30:30]} 44. Ra5 {[%clk 1:30:30]} *

[Event "Irena Warakomska Memorial A"]
[Site "chess24.com"]
[Date "2018.08.01"]
[Round "1"]
[White "Markowski, Tomasz"]
[Black "Aleksandrov, Aleksej"]
[Result "*"]
[Board "27"]
[WhiteElo "2561"]
[WhiteTitle "GM"]
[WhiteCountry "POL"]
[WhiteFideId "1105680"]
[BlackElo "2580"]
[BlackTitle "GM"]
[BlackCountry "BLR"]
[BlackFideId "13500139"]

1. c4 {[%clk 1:30:59]} e6 {[%clk 1:30:36]} 2. Nf3 {[%clk 1:31:11]} Nf6 {[%clk
1:30:54]} 3. g3 {[%clk 1:31:24]} d5 {[%clk 1:31:12]} 4. d4 {[%clk 1:31:42]} Be7
{[%clk 1:30:53]} 5. Bg2 {[%clk 1:32:01]} O-O {[%clk 1:30:58]} 6. O-O {[%clk
1:32:21]} c5 {[%clk 1:26:10]} 7. cxd5 {[%clk 1:32:39]} Nxd5 {[%clk 1:26:10]} 8.
e4 {[%clk 1:25:40]} Nf6 {[%clk 1:23:39]} 9. Nc3 {[%clk 1:15:17]} cxd4 {[%clk
1:20:26]} 10. Nxd4 {[%clk 1:15:23]} e5 {[%clk 1:16:14]} 11. Nf5 {[%clk 1:14:53]}
Bxf5 {[%clk 1:13:25]} 12. exf5 {[%clk 1:15:12]} Nc6 {[%clk 1:12:53]} 13. h3
{[%clk 1:02:37]} Qxd1 {[%clk 1:04:43]} 14. Rxd1 {[%clk 1:02:58]} Rfd8 {[%clk
1:02:43]} 15. Rxd8+ {[%clk 0:51:54]} Rxd8 {[%clk 1:02:04]} 16. Be3 {[%clk
0:52:16]} Nd4 {[%clk 0:55:57]} 17. Rd1 {[%clk 0:51:11]} Ne2+ {[%clk 0:45:36]} 18.
Kf1 {[%clk 0:51:21]} Nxc3 {[%clk 0:45:59]} 19. Rxd8+ {[%clk 0:51:42]} Bxd8 {[%clk
0:46:25]} 20. bxc3 {[%clk 0:52:00]} b6 {[%clk 0:46:10]} 21. Ke2 {[%clk 0:47:45]}
Kf8 {[%clk 0:31:41]} 22. Kd3 {[%clk 0:45:14]} Ke7 {[%clk 0:29:33]} 23. Kc4 {[%clk
0:43:40]} Kd6 {[%clk 0:25:37]} 24. Kb5 {[%clk 0:38:04]} Kc7 {[%clk 0:23:40]} 25.
f4 {[%clk 0:37:06]} e4 {[%clk 0:19:39]} 26. Bd4 {[%clk 0:35:39]} Ne8 {[%clk
0:16:32]} 27. Kb4 {[%clk 0:25:41]} Be7+ {[%clk 0:14:04]} 28. Kb3 {[%clk 0:25:41]}
Nd6 {[%clk 0:14:04]} 29. Bxg7 {[%clk 0:23:48]} Nxf5 {[%clk 0:11:23]} 30. Be5+
{[%clk 0:24:10]} Bd6 {[%clk 0:09:12]} 31. Bxe4 {[%clk 0:18:58]} Nxg3 {[%clk
0:08:58]} 32. Bxh7 {[%clk 0:19:20]} Nh5 {[%clk 0:08:35]} 33. Bf5 {[%clk 0:13:49]}
Nxf4 {[%clk 0:08:27]} 34. Bd4 {[%clk 0:14:04]} Ne2 {[%clk 0:08:27]} 35. Bf6
{[%clk 0:12:51]} Ng3 {[%clk 0:07:27]} 36. Bg4 {[%clk 0:12:57]} Ne4 {[%clk
0:07:08]} 37. Bg7 {[%clk 0:13:14]} Bg3 {[%clk 0:05:43]} 38. Kb4 {[%clk 0:12:06]}
a5+ {[%clk 0:04:51]} 39. Ka4 {[%clk 0:09:58]} Nd6 {[%clk 0:03:06]} 40. Bd4 {[%clk
0:37:22]} Bh4 {[%clk 0:31:11]} 41. Be5 {[%clk 0:37:24]} Kc6 {[%clk 0:30:25]} 42.
Bf3+ {[%clk 0:37:47]} Kd7 {[%clk 0:29:59]} 43. Kb3 {[%clk 0:37:15]} f6 {[%clk
0:25:19]} 44. Bd4 {[%clk 0:35:45]} Kc7 {[%clk 0:25:33]} 45. Be3 {[%clk 0:35:47]}
Bg3 {[%clk 0:25:04]} *

[Event "Irena Warakomska Memorial A"]
[Site "chess24.com"]
[Date "2018.08.01"]
[Round "1"]
[White "Leniart, Arkadiusz"]
[Black "Sliwicki, Damian"]
[Result "*"]
[Board "29"]
[WhiteElo "2489"]
[WhiteTitle "IM"]
[WhiteCountry "POL"]
[WhiteFideId "1124226"]
[BlackElo "2193"]
[BlackTitle "CM"]
[BlackCountry "POL"]
[BlackFideId "1127128"]

1. e4 {[%clk 1:30:56]} c5 {[%clk 1:30:42]} 2. Nf3 {[%clk 1:31:16]} d6 {[%clk
1:31:08]} 3. d4 {[%clk 1:31:40]} cxd4 {[%clk 1:31:34]} 4. Nxd4 {[%clk 1:32:02]}
Nf6 {[%clk 1:31:54]} 5. Nc3 {[%clk 1:32:26]} a6 {[%clk 1:32:10]} 6. Be3 {[%clk
1:32:23]} e5 {[%clk 1:31:36]} 7. Nf3 {[%clk 1:32:30]} Be7 {[%clk 1:31:14]} 8. Bc4
{[%clk 1:32:44]} O-O {[%clk 1:30:37]} 9. O-O {[%clk 1:32:47]} Nc6 {[%clk
1:18:01]} 10. Bb3 {[%clk 1:24:32]} h6 {[%clk 1:14:18]} 11. Qe2 {[%clk 1:11:00]}
Be6 {[%clk 1:08:36]} 12. Rfd1 {[%clk 1:11:04]} b5 {[%clk 1:02:44]} 13. Nh4 {[%clk
0:50:36]} Kh7 {[%clk 0:40:55]} 14. Nf5 {[%clk 0:40:47]} Na5 {[%clk 0:33:26]} 15.
Qf3 {[%clk 0:30:45]} Nxb3 {[%clk 0:32:18]} 16. axb3 {[%clk 0:30:50]} b4 {[%clk
0:28:59]} 17. Nd5 {[%clk 0:23:45]} Nxd5 {[%clk 0:28:09]} 18. exd5 {[%clk
0:23:02]} Bxf5 {[%clk 0:28:17]} 19. Qxf5+ {[%clk 0:23:24]} g6 {[%clk 0:27:24]}
20. Qd3 {[%clk 0:22:16]} Qc7 {[%clk 0:24:14]} 21. c4 {[%clk 0:19:42]} bxc3 {[%clk
0:15:46]} 22. bxc3 {[%clk 0:18:43]} Qb7 {[%clk 0:13:40]} 23. c4 {[%clk 0:18:25]}
Rfb8 {[%clk 0:12:09]} 24. Rab1 {[%clk 0:13:43]} Bg5 {[%clk 0:11:16]} 25. c5
{[%clk 0:06:47]} Bxe3 {[%clk 0:10:25]} 26. Qxe3 {[%clk 0:07:09]} dxc5 {[%clk
0:10:38]} 27. Qxc5 {[%clk 0:06:47]} Rd8 {[%clk 0:09:35]} 28. d6 {[%clk 0:06:36]}
Qb5 {[%clk 0:09:21]} 29. Qc4 {[%clk 0:03:49]} Qxc4 {[%clk 0:07:39]} 30. bxc4
{[%clk 0:04:14]} Rac8 {[%clk 0:08:06]} 31. Rbc1 {[%clk 0:03:17]} Rc5 {[%clk
0:08:20]} 32. Kf1 {[%clk 0:03:29]} Kg7 {[%clk 0:08:36]} 33. d7 {[%clk 0:01:42]}
Kf6 {[%clk 0:06:34]} 34. Rd6+ {[%clk 0:01:22]} Ke7 {[%clk 0:06:57]} 35. Rxa6
{[%clk 0:01:45]} Rxd7 {[%clk 0:07:20]} 36. Ke2 {[%clk 0:01:51]} Rd4 {[%clk
0:07:12]} 37. Ra7+ {[%clk 0:01:06]} Kf6 {[%clk 0:06:43]} 38. Ra6+ {[%clk
0:01:19]} Kg5 {[%clk 0:05:16]} 39. Ra4 {[%clk 0:00:49]} h5 {[%clk 0:03:58]} 40.
Rc3 {[%clk 0:30:31]} h4 {[%clk 0:33:05]} *

[Event "Irena Warakomska Memorial A"]
[Site "chess24.com"]
[Date "2018.08.01"]
[Round "1"]
[White "Fiedorek, Michal"]
[Black "Szostko, Jakub"]
[Result "*"]
[Board "50"]
[WhiteElo "2066"]
[WhiteCountry "POL"]
[WhiteFideId "1199528"]
[BlackElo "2295"]
[BlackTitle "FM"]
[BlackCountry "POL"]
[BlackFideId "1174282"]

1. e4 {[%clk 1:30:56]} c5 {[%clk 1:30:42]} 2. Nf3 {[%clk 1:31:16]} d6 {[%clk
1:31:08]} 3. d4 {[%clk 1:31:40]} cxd4 {[%clk 1:31:34]} 4. Nxd4 {[%clk 1:32:02]}
Nf6 {[%clk 1:31:54]} 5. Nc3 {[%clk 1:32:26]} a6 {[%clk 1:32:10]} 6. Be3 {[%clk
1:32:23]} e5 {[%clk 1:31:36]} 7. Nf3 {[%clk 1:32:30]} Be7 {[%clk 1:31:14]} 8. Bc4
{[%clk 1:32:44]} O-O {[%clk 1:30:37]} 9. O-O {[%clk 1:32:47]} Nc6 {[%clk
1:18:01]} 10. Bb3 {[%clk 1:24:32]} h6 {[%clk 1:14:18]} 11. Qe2 {[%clk 1:11:00]}
Be6 {[%clk 1:08:36]} 12. Rfd1 {[%clk 1:11:04]} b5 {[%clk 1:02:44]} 13. Nh4 {[%clk
0:50:36]} Kh7 {[%clk 0:40:55]} 14. Nf5 {[%clk 0:40:47]} Na5 {[%clk 0:33:26]} 15.
Qf3 {[%clk 0:30:45]} Nxb3 {[%clk 0:32:18]} 16. axb3 {[%clk 0:30:50]} b4 {[%clk
0:28:59]} 17. Nd5 {[%clk 0:23:45]} Nxd5 {[%clk 0:28:09]} 18. exd5 {[%clk
0:23:02]} Bxf5 {[%clk 0:28:17]} 19. Qxf5+ {[%clk 0:23:24]} g6 {[%clk 0:27:24]}
20. Qd3 {[%clk 0:22:16]} Qc7 {[%clk 0:24:14]} 21. c4 {[%clk 0:19:42]} bxc3 {[%clk
0:15:46]} 22. bxc3 {[%clk 0:18:43]} Qb7 {[%clk 0:13:40]} 23. c4 {[%clk 0:18:25]}
Rfb8 {[%clk 0:12:09]} 24. Rab1 {[%clk 0:13:43]} Bg5 {[%clk 0:11:16]} 25. c5
{[%clk 0:06:47]} Bxe3 {[%clk 0:10:25]} 26. Qxe3 {[%clk 0:07:09]} dxc5 {[%clk
0:10:38]} 27. Qxc5 {[%clk 0:06:47]} Rd8 {[%clk 0:09:35]} 28. d6 {[%clk 0:06:36]}
Qb5 {[%clk 0:09:21]} 29. Qc4 {[%clk 0:03:49]} Qxc4 {[%clk 0:07:39]} 30. bxc4
{[%clk 0:04:14]} Rac8 {[%clk 0:08:06]} 31. Rbc1 {[%clk 0:03:17]} Rc5 {[%clk
0:08:20]} 32. Kf1 {[%clk 0:03:29]} Kg7 {[%clk 0:08:36]} 33. d7 {[%clk 0:01:42]}
Kf6 {[%clk 0:06:34]} 34. Rd6+ {[%clk 0:01:22]} Ke7 {[%clk 0:06:57]} 35. Rxa6
{[%clk 0:01:45]} Rxd7 {[%clk 0:07:20]} 36. Ke2 {[%clk 0:01:51]} Rd4 {[%clk
0:07:12]} 37. Ra7+ {[%clk 0:01:06]} Kf6 {[%clk 0:06:43]} 38. Ra6+ {[%clk
0:01:19]} Kg5 {[%clk 0:05:16]} 39. Ra4 {[%clk 0:00:49]} h5 {[%clk 0:03:58]} 40.
Rc3 {[%clk 0:30:31]} h4 {[%clk 0:33:05]} 41. Rb4 {[%clk 0:18:55]} f6 {[%clk
0:32:40]} 42. Ra4 {[%clk 0:15:27]} Rc6 {[%clk 0:32:08]} 43. h3 {[%clk 0:14:19]}
Kf5 {[%clk 0:31:23]} 44. Rf3+ {[%clk 0:12:06]} Ke6 {[%clk 0:31:32]} 45. Rc3
{[%clk 0:12:26]} g5 {[%clk 0:28:45]} 46. Rb4 {[%clk 0:10:14]} Kf5 {[%clk
0:25:10]} 47. Rf3+ {[%clk 0:09:50]} Ke6 {[%clk 0:25:19]} 48. Rc3 {[%clk 0:09:49]}
*